| 000 | 00659nam a2200217 u 4500 | ||
|---|---|---|---|
| 005 | 20231028063558.0 | ||
| 008 | 110927s2006 r 000 0 eng d | ||
| 020 | _a9789978079713 (13 dígitos) | ||
| 020 | _a9978079718 (10 dígitos) | ||
| 035 | _aUPN01000181954 | ||
| 049 | _aI | ||
| 050 | 4 |
_aPZ75 _bH4.3 |
|
| 100 | 1 |
_aHeredia, María Fernanda, _d1970- _936921 |
|
| 245 | 1 | 0 |
_aFantasmas a domicilio / _cMaría Fernanda Heredia. |
| 260 |
_aQuito : _bSantillana, _c2006. |
||
| 300 |
_a88 p. : _bil. col. |
||
| 440 | 0 | _aAlfaguara infantil | |
| 650 | 4 |
_aCuentos de fantasmas _911720 |
|
| 650 | 4 |
_aLITERATURA INFANTIL ECUATORIANA _919418 |
|
| 905 | _aInfantil | ||
| 999 |
_c154057 _d154057 |
||